[Event "GER-ch52 V01 email"]
[Site "GER email"]
[Date "2020.04.16"]
[Round "?"]
[White "Bialas, Torsten"]
[Black "Droessler, Uwe"]
[Result "1/2-1/2"]
[WhiteElo "2232"]
[BlackElo "2308"]
[PlyCount "60"]
[EventDate "2020.??.??"]
[EventType "tourn (corr)"]
[EventRounds "10"]
[EventCountry "GER"]
[SourceTitle "Corr 2022"]
[Source "ChessBase"]
[SourceDate "2021.10.24"]
[SourceVersion "1"]
[SourceVersionDate "2021.10.24"]
[SourceQuality "1"]

1. Nc3 d5 2. e4 c6 3. d4 dxe4 4. Nxe4 Bf5 5. Ng3 Bg6 6. h4 h6 7. Nf3 Nd7 8. h5 Bh7 9. Bd3 Bxd3 10. Qxd3 e6 11. Bf4 Qa5+ 12. Bd2 Bb4 13. c3 Be7 14. c4 Qc7 15. 0-0-0 Ngf6 16. Kb1 0-0 17. Rhe1 a5 18. Ne5 Nxe5 19. dxe5 Rfd8 20. Qe2 Nd7 21. f4 b5 22. Ne4 bxc4 23. g4 Nc5 24. Nxc5 Bxc5 25. g5 hxg5 26. h6 g6 27. f5 Kh7 28. Qxc4 Rd5 29. fxg6+ fxg6 30. Bxg5 Rf8 1/2-1/2

[Event "GER-ch52 V01 email"]
[Site "GER email"]
[Date "2020.04.16"]
[Round "?"]
[White "Bialas, Torsten"]
[Black "Traut, Werner"]
[Result "1-0"]
[WhiteElo "2232"]
[BlackElo "2310"]
[PlyCount "53"]
[EventDate "2020.??.??"]
[EventType "tourn (corr)"]
[EventRounds "10"]
[EventCountry "GER"]
[SourceTitle "Corr 2022"]
[Source "ChessBase"]
[SourceDate "2021.10.24"]
[SourceVersion "1"]
[SourceVersionDate "2021.10.24"]
[SourceQuality "1"]

1. Nc3 d5 2. e4 dxe4 3. Nxe4 Bf5 4. Ng3 Bg6 5. Nf3 Nf6 6. d4 e6 7. c3 Nbd7 8. Qb3 Qc8 9. Nh4 c5 10. Nxg6 hxg6 11. Be2 Bd6 12. 0-0 0-0 13. Rd1 Qc7 14. Nf1 cxd4 15. cxd4 Nb8 16. Bg5 Nc6 17. Bf3 Be7 18. Rac1 Rad8 19. h4 Qd7 20. Bxc6 bxc6 21. Ne3 Nd5 22. Bxe7 Qxe7 23. g3 Rb8 24. Qd3 Rxb2 25. Qe4 Rxa2 26. Ng4 Qb7 27. Rxc6 1-0

[Event "GER-ch49 V01 email"]
[Site "GER email"]
[Date "2017.04.03"]
[Round "?"]
[White "Bialas, Torsten"]
[Black "Hesse, Olaf"]
[Result "0-1"]
[WhiteElo "2281"]
[BlackElo "2426"]
[PlyCount "48"]
[EventDate "2017.??.??"]
[EventType "tourn (corr)"]
[EventRounds "10"]
[EventCountry "GER"]
[SourceTitle "Corr 2020"]
[Source "ChessBase"]
[SourceDate "2019.09.30"]
[SourceVersion "1"]
[SourceVersionDate "2019.09.30"]
[SourceQuality "1"]

1. Nc3 d5 2. e4 d4 3. Nce2 c5 4. Ng3 Nc6 5. Bb5 Bd7 6. f4 h5 7. Nf3 h4 8. Ne2 h3 9. g3 e6 10. Neg1 f6 11. Bf1 g5 12. fxg5 fxg5 13. g4 Nh6 14. Nxh3 Nxg4 15. Nhxg5 Qa5 16. Rg1 Nge5 17. a4 0-0-0 18. Bb5 c4 19. b3 d3 20. cxd3 Qb6 21. Kf1 Bc5 22. Rg3 Nxf3 23. Nxf3 Bd6 24. Qe1 Rdf8 0-1

[Event "GER-ch44 V01 email"]
[Site "GER email"]
[Date "2013.??.??"]
[Round "?"]
[White "Bialas, Torsten"]
[Black "Augustin, Horst"]
[Result "0-1"]
[WhiteElo "2096"]
[BlackElo "2229"]
[PlyCount "118"]
[EventDate "2012.??.??"]
[EventType "tourn (corr)"]
[EventRounds "10"]
[EventCountry "GER"]
[SourceTitle "Corr 2015"]
[Source "ChessBase"]
[SourceDate "2015.07.17"]
[SourceVersion "1"]
[SourceVersionDate "2015.07.17"]
[SourceQuality "1"]

1. d4 Nf6 2. c4 e6 3. Nf3 Bb4+ 4. Nbd2 0-0 5. e3 d5 6. a3 Be7 7. b4 a5 8. b5 c5 9. bxc6 bxc6 10. c5 Nfd7 11. Bb2 e5 12. Nxe5 Nxe5 13. dxe5 Nd7 14. Be2 Nxc5 15. 0-0 Rb8 16. Bd4 Qc7 17. Qc2 Ne6 18. Bc3 c5 19. Rfb1 Bd7 20. Nf3 a4 21. Bd3 g6 22. Qd2 Bc6 23. Bc2 Qd7 24. Rxb8 Rxb8 25. Rd1 Rd8 26. Ba5 Rc8 27. h4 d4 28. Qe2 Qd5 29. Be1 Qa2 30. Qa6 Rc7 31. Bxa4 Qxa3 32. Bb5 Qb3 33. Be2 dxe3 34. Qc4 Rb7 35. Qxb3 Rxb3 36. Bc4 exf2+ 37. Bxf2 Rc3 38. Bxe6 fxe6 39. Ng5 Bd5 40. Rb1 h6 41. Rb8+ Kg7 42. Re8 hxg5 43. Rxe7+ Kh6 44. Rf7 gxh4 45. Bxh4 c4 46. Be1 Rb3 47. g3 Kh5 48. Kf1 g5 49. Ke2 Kg4 50. Kd2 Rd3+ 51. Ke2 Bf3+ 52. Kf2 Rb3 53. Ba5 Be4 54. Rf8 c3 55. Rg8 c2 56. Bd2 Rf3+ 57. Ke1 Rf5 58. Bc1 Rxe5 59. Kd2 Kf3 0-1

[Event "GER M-458 D email"]
[Site "GER email"]
[Date "2010.??.??"]
[Round "?"]
[White "Kluehe, Peter"]
[Black "Bialas, Torsten"]
[Result "1/2-1/2"]
[WhiteElo "2193"]
[BlackElo "2456"]
[PlyCount "73"]
[EventDate "2010.??.??"]
[EventType "tourn (corr)"]
[EventRounds "1"]
[EventCountry "GER"]
[SourceTitle "Corr 2015"]
[Source "ChessBase"]
[SourceDate "2015.07.17"]
[SourceVersion "1"]
[SourceVersionDate "2015.07.17"]
[SourceQuality "1"]

1. d4 Nf6 2. f4 c5 3. e3 b6 4. Nf3 Bb7 5. Bd3 d5 6. c3 e6 7. Ne5 Bd6 8. Nd2 0-0 9. Qf3 Ba6 10. Bb1 Qc7 11. g4 cxd4 12. exd4 g6 13. g5 Nh5 14. Qg4 Kh8 15. Ndf3 Nc6 16. Bd2 Ng7 17. h4 Nh5 18. Nxc6 Qxc6 19. Bc2 Qb5 20. 0-0-0 Qa5 21. Kb1 Bc4 22. b3 Be2 23. Rde1 Qa6 24. Rh2 Bd3 25. Bxd3 Qxd3+ 26. Kb2 a5 27. Ne5 Bxe5 28. fxe5 a4 29. Qe2 Qxe2 30. Rhxe2 axb3 31. axb3 Ng3 32. Rg2 Nf5 33. Rh2 b5 34. Ra1 Kg7 35. Rxa8 Rxa8 36. Rh3 Ra6 37. Be3 1/2-1/2

[Event "GER M-443 D email"]
[Site "GER email"]
[Date "2008.??.??"]
[Round "?"]
[White "Bialas, Torsten"]
[Black "Koenig, Frank"]
[Result "1-0"]
[WhiteElo "2057"]
[BlackElo "1830"]
[PlyCount "63"]
[EventDate "2008.??.??"]
[EventType "tourn (corr)"]
[EventRounds "6"]
[EventCountry "GER"]
[SourceTitle "Corr 2011"]
[Source "ChessBase"]
[SourceDate "2010.08.31"]
[SourceVersion "1"]
[SourceVersionDate "2010.08.31"]
[SourceQuality "1"]

1. d4 Nf6 2. c4 e6 3. Nf3 Bb4+ 4. Bd2 Qe7 5. g3 d5 6. Bg2 c6 7. Qc2 0-0 8. Bxb4 Qxb4+ 9. Nbd2 Nbd7 10. 0-0 Re8 11. Rfe1 b6 12. e4 Nxe4 13. Nxe4 dxe4 14. Rxe4 Bb7 15. c5 Nf6 16. a3 Qa5 17. b4 Qa6 18. Rh4 h6 19. Ne5 Rad8 20. Bf1 b5 21. a4 Ba8 22. Ra3 Re7 23. g4 Rxd4 24. g5 Rxh4 25. gxf6 Re8 26. Rg3 g5 27. Qd2 Rh5 28. Qe2 Rh4 29. Qe3 Qb7 30. Rxg5+ Kh8 31. Rg7 Rh5 32. Qg3 1-0